00676 a2200193 4500003000400000005001700004008004100021020001800062040000900080082001800089100003200107245008400139250001200223260004900235300001000284942004200294952012900336999001700465OSt20240119102045.0240119b |||||||| |||| 00| 0 eng d a9788182718647 coclc a340.59bKIZ/M aKizhuparamba, Ashraf910287 aMaqasid Al-shariah Shareehathinte Samunnatha Lakshyangal /cAshraf Kizhuparamba a1st ed. aKozhikode:bIslamic Publishing House,c2017. a128p. 2ddccBKh340.59iKIZ/Mk340.59mKIZ/M 00102ddc40708LAWaMESbMEScISLd2024-01-19l0o340.59 KIZ/Mp44922r2024-01-19 10:21:27v125.00w2024-01-19yBKzGL47R2 c43261d43261